Conociendo la responsabilidad : (Record no. 133629)

MARC details
000 -CABECERA
campo de control de longitud fija 01047ngm a2200253 u 4500
005 - FECHA Y HORA DE LA ÚLTIMA TRANSACCIÓN
campo de control 20250314063743.0
008 - ELEMENTOS DE LONGITUD FIJA--INFORMACIÓN GENERAL
campo de control de longitud fija 080930s2006 mx 026 aaspa d
035 ## - NÚMERO DE CONTROL DEL SISTEMA
Número de control de sistema UPN01000161516
049 ## - COLECCIÓN
Colección AV
050 #4 - SIGNATURA TOPOGRÁFICA DE LA BIBLIOTECA DEL CONGRESO
Número de clasificación DVD BJ 94
245 00 - MENCIÓN DE TÍTULO
Título Conociendo la responsabilidad :
Resto del título Deseando un perro /
Mención de responsabilidad, etc. dir. Sheldon Cohen.
260 ## - PUBLICACIÓN, DISTRIBUCIÓN, ETC.
Lugar de publicación, distribución, etc. México :
Nombre del editor, distribuidor, etc. Quality Films,
Fecha de publicación, distribución, etc. c2006.
300 ## - DESCRIPCIÓN FÍSICA
Extensión 1 DVD (26 min.) :
Otras características físicas son., col.
Dimensiones 4 3/4 plg.
440 #0 - MENCIÓN DE SERIE/ASIENTO SECUNDARIO--TÍTULO
Título Ideas educativas
500 ## - NOTA GENERAL
Nota general Caractéristicas especiales: Idiomas español e inglés
520 ## - NOTA DE RESUMEN, ETC.
Sumario, etc. May es una simpática niña que desea tener un perro. Pasa gran parte de su tiempo dibujándolos, decorando su cuarto con fotos y soñándolos, debido a que sus padres no le quieren comprar uno por todas las responsabilidades que implica el cuidarlos
650 #2 - ASIENTO SECUNDARIO DE MATERIA - TERMINO TEMATICO
Término de materia o nombre geográfico como elemento de entrada Responsabilidad
9 (RLIN) 1398
650 #0 - ASIENTO SECUNDARIO DE MATERIA - TERMINO TEMATICO
Término de materia o nombre geográfico como elemento de entrada Perros
Subdivisión de forma Cuentos y leyendas
9 (RLIN) 8586
650 #2 - ASIENTO SECUNDARIO DE MATERIA - TERMINO TEMATICO
Término de materia o nombre geográfico como elemento de entrada Justicia
9 (RLIN) 19087
650 #2 - ASIENTO SECUNDARIO DE MATERIA - TERMINO TEMATICO
Término de materia o nombre geográfico como elemento de entrada Respeto
9 (RLIN) 4166
650 #2 - ASIENTO SECUNDARIO DE MATERIA - TERMINO TEMATICO
Término de materia o nombre geográfico como elemento de entrada Libertad de expresión
9 (RLIN) 6920
700 1# - ASIENTO SECUNDARIO--NOMBRE DE PERSONAL
Nombre de persona Cohen, Sheldon,
Término indicativo de función/relación dir.
905 ## - TIPO DE MATERIAL
Tipo de material Audiovisuales
Holdings
Estado de retiro Estado de pérdida Fuente del sistema de clasificación o colocación Estado dañado No para préstamo Código de colección Localización permanente Ubicación/localización actual Ubicación en estantería Total de préstamos Clasificación Código de barras Fecha visto por última vez Número de copia Tipo de ítem Koha
    Library of Congress Classification     Audiovisuales Bib. Gregorio Torres Quintero Bib. Gregorio Torres Quintero Audiovisual   AV DVD BJ 94 258430 31/12/2020 1 Formato Digital